000 00401nam a22001697a 4500
005 20160528104136.0
008 160528b xxu||||| |||| 00| 0 eng d
020 _a81-203-2240-1
041 _aeng
082 _b5689
100 _aHunt. Shelby D
_91423
245 _aFoundations of Marketing Theory
260 _aNew Delhi
_bPHI,
_c2003
300 _a287
650 _aManagement
_9241
942 _cBK
999 _c2017
_d2016